Southville International School and Colleges

Online products reservation system for Prens Auto Supply / (Record no. 229178)

000 -LEADER
fixed length control field 00516nam a2200145Ia 4500
008 - FIXED-LENGTH DATA ELEMENTS--GENERAL INFORMATION
fixed length control field 140724s9999 xx 000 0 und d
050 ## - LIBRARY OF CONGRESS CALL NUMBER
Classification number QA 76.76.W56
Item number .Y19 2013
100 ## - MAIN ENTRY--PERSONAL NAME
Personal name Yamawake, Hiederose Mako R.
245 ## - TITLE STATEMENT
Title Online products reservation system for Prens Auto Supply /
Statement of responsibility, etc Hiederose Mako R. Yamawake.
260 ## - PUBLICATION, DISTRIBUTION, ETC. (IMPRINT)
Place of publication, distribution, etc Las Piñas, Philippines :
Name of publisher, distributor, etc Southville International School and Colleges,
Date of publication, distribution, etc c2013.
300 ## - PHYSICAL DESCRIPTION
Extent 188 p. :
Other physical details ill. ;
Dimensions 28 cm.
521 ## - TARGET AUDIENCE NOTE
Target audience note Information Technology
942 ## - ADDED ENTRY ELEMENTS (KOHA)
Koha item type Theses
Holdings
Koha item type Current Location Full call number Date last seen Price effective from Damaged status Permanent Location Date acquired Lost status Shelving location Barcode Withdrawn status
ThesesCollege LibraryQA 76.76.W56 .Y19 20132017-03-232014-07-24 College Library2014-07-24 Theses SectionT0532 
Powered by Koha